<?xml version="1.0" encoding="UTF-8"?>
<record
    xmlns:xsi="http://www.w3.org/2001/XMLSchema-instance"
    xsi:schemaLocation="http://www.loc.gov/MARC21/slim http://www.loc.gov/standards/marcxml/schema/MARC21slim.xsd"
    xmlns="http://www.loc.gov/MARC21/slim">

  <leader>01235cas a2200313   4500</leader>
  <controlfield tag="001">45715</controlfield>
  <datafield tag="021" ind1=" " ind2=" ">
    <subfield code="b">12150/86</subfield>
  </datafield>
  <datafield tag="090" ind1=" " ind2=" ">
    <subfield code="a">45715</subfield>
  </datafield>
  <datafield tag="100" ind1=" " ind2=" ">
    <subfield code="a">19981119a19219999m  y0pory50030103ba</subfield>
  </datafield>
  <datafield tag="101" ind1="0" ind2=" ">
    <subfield code="a">por</subfield>
  </datafield>
  <datafield tag="102" ind1=" " ind2=" ">
    <subfield code="a">PT</subfield>
  </datafield>
  <datafield tag="200" ind1="1" ind2=" ">
    <subfield code="a">Seara Nova</subfield>
    <subfield code="e">revista quinzenal de doutrina e critica</subfield>
    <subfield code="f">dir. Ra&#xFA;l Proen&#xE7;a (1921-1941)</subfield>
    <subfield code="f">dir. Camara Reys (1921-1961)</subfield>
    <subfield code="f">Augusto Casimiro (1964)</subfield>
  </datafield>
  <datafield tag="210" ind1=" " ind2="9">
    <subfield code="a">Lisboa</subfield>
    <subfield code="c">Seara Nova,</subfield>
    <subfield code="d">1921-</subfield>
  </datafield>
  <datafield tag="215" ind1=" " ind2=" ">
    <subfield code="d">32 cm</subfield>
  </datafield>
  <datafield tag="304" ind1=" " ind2=" ">
    <subfield code="a">A partir de 1985 passa a ser dirigida por: Ulpiano Nascimento e propr. da Cooperativa Nova Seara Nova</subfield>
  </datafield>
  <datafield tag="305" ind1=" " ind2=" ">
    <subfield code="a">De 1985 a 2004 teve uma numerac&#xE3;o interm&#xE9;dia: N.&#xBA; 1 ver&#xE3;o de 1985 a N.&#xBA; 83 pimavera 2004; Retomou a numera&#x2014;c&#xE3;o antiga no n.&#xBA; 1685 ver&#xE3;o de 2004</subfield>
  </datafield>
  <datafield tag="317" ind1=" " ind2=" ">
    <subfield code="a">Biblioteca Jorge de Sena</subfield>
  </datafield>
  <datafield tag="317" ind1=" " ind2=" ">
    <subfield code="a">Biblioteca Jo&#xE3;o Gaspar Sim&#xF5;es</subfield>
  </datafield>
  <datafield tag="317" ind1=" " ind2=" ">
    <subfield code="a">Doa&#x2014;c&#xE3;o Jos&#xE9; Bragan&#x2014;ca</subfield>
  </datafield>
  <datafield tag="675" ind1=" " ind2=" ">
    <subfield code="a">32(469)(05)</subfield>
  </datafield>
  <datafield tag="702" ind1=" " ind2="1">
    <subfield code="a">Proen&#x2014;ca,</subfield>
    <subfield code="b">Ra&#xFA;l,</subfield>
    <subfield code="f">1884-1941</subfield>
    <subfield code="4">300</subfield>
  </datafield>
  <datafield tag="702" ind1=" " ind2="1">
    <subfield code="a">Nascimento,</subfield>
    <subfield code="b">Ulpiano,</subfield>
    <subfield code="f">1915-2012</subfield>
  </datafield>
  <datafield tag="712" ind1="0" ind2="2">
    <subfield code="a">Cooperativa Nova Seara Nova</subfield>
  </datafield>
  <datafield tag="712" ind1="0" ind2="2">
    <subfield code="a">Seara Nova</subfield>
  </datafield>
  <datafield tag="801" ind1=" " ind2="0">
    <subfield code="a">PT</subfield>
    <subfield code="b">BN</subfield>
    <subfield code="g">RPC</subfield>
  </datafield>
  <datafield tag="856" ind1="4" ind2="0">
    <subfield code="u">http://ric.slhi.pt/Seara_Nova/revista</subfield>
  </datafield>
  <datafield tag="856" ind1="4" ind2="0">
    <subfield code="u">https://purl.pt/30362</subfield>
  </datafield>
  <datafield tag="856" ind1="4" ind2="1">
    <subfield code="u">https://purl.pt/30362/service/media/cover/low</subfield>
  </datafield>
  <datafield tag="990" ind1=" " ind2=" ">
    <subfield code="c">PERIODICOS</subfield>
  </datafield>
  <datafield tag="995" ind1=" " ind2=" ">
    <subfield code="1">0</subfield>
    <subfield code="9">77160</subfield>
    <subfield code="b">BMR</subfield>
    <subfield code="c">BMR</subfield>
    <subfield code="f">056425</subfield>
    <subfield code="k">32(469)(05) SEA</subfield>
    <subfield code="o">-1</subfield>
    <subfield code="r">PERIODICOS</subfield>
    <subfield code="u">1964 n.&#xBA; 1425</subfield>
  </datafield>
  <datafield tag="995" ind1=" " ind2=" ">
    <subfield code="1">0</subfield>
    <subfield code="9">77161</subfield>
    <subfield code="b">BMR</subfield>
    <subfield code="c">BMR</subfield>
    <subfield code="f">056426</subfield>
    <subfield code="k">32(469)(05) SEA</subfield>
    <subfield code="o">-1</subfield>
    <subfield code="r">PERIODICOS</subfield>
    <subfield code="u">1964 n.&#xBA; 1426</subfield>
  </datafield>
  <datafield tag="995" ind1=" " ind2=" ">
    <subfield code="1">0</subfield>
    <subfield code="9">77162</subfield>
    <subfield code="b">BMR</subfield>
    <subfield code="c">BMR</subfield>
    <subfield code="f">056427</subfield>
    <subfield code="k">32(469)(05) SEA</subfield>
    <subfield code="o">-1</subfield>
    <subfield code="r">PERIODICOS</subfield>
    <subfield code="u">1966 n.&#xBA; 1451</subfield>
  </datafield>
  <datafield tag="995" ind1=" " ind2=" ">
    <subfield code="1">0</subfield>
    <subfield code="9">77163</subfield>
    <subfield code="b">BMR</subfield>
    <subfield code="c">BMR</subfield>
    <subfield code="f">056428</subfield>
    <subfield code="k">32(469)(05) SEA</subfield>
    <subfield code="o">-1</subfield>
    <subfield code="r">PERIODICOS</subfield>
    <subfield code="u">1966 n.&#xBA; 1452</subfield>
  </datafield>
  <datafield tag="995" ind1=" " ind2=" ">
    <subfield code="1">0</subfield>
    <subfield code="9">77164</subfield>
    <subfield code="b">BMR</subfield>
    <subfield code="c">BMR</subfield>
    <subfield code="f">056429</subfield>
    <subfield code="k">32(469)(05) SEA</subfield>
    <subfield code="o">-1</subfield>
    <subfield code="r">PERIODICOS</subfield>
    <subfield code="u">1966 n.&#xBA; 1453</subfield>
  </datafield>
  <datafield tag="995" ind1=" " ind2=" ">
    <subfield code="1">0</subfield>
    <subfield code="9">77165</subfield>
    <subfield code="b">BMR</subfield>
    <subfield code="c">BMR</subfield>
    <subfield code="f">056430</subfield>
    <subfield code="k">32(469)(05) SEA</subfield>
    <subfield code="o">-1</subfield>
    <subfield code="r">PERIODICOS</subfield>
    <subfield code="u">1966 n.&#xBA; 1454</subfield>
  </datafield>
  <datafield tag="995" ind1=" " ind2=" ">
    <subfield code="1">0</subfield>
    <subfield code="9">77166</subfield>
    <subfield code="b">BMR</subfield>
    <subfield code="c">BMR</subfield>
    <subfield code="f">056431</subfield>
    <subfield code="k">32(469)(05) SEA</subfield>
    <subfield code="o">-1</subfield>
    <subfield code="r">PERIODICOS</subfield>
    <subfield code="u">1967 n.&#xBA; 1456</subfield>
  </datafield>
  <datafield tag="995" ind1=" " ind2=" ">
    <subfield code="1">0</subfield>
    <subfield code="9">77167</subfield>
    <subfield code="b">BMR</subfield>
    <subfield code="c">BMR</subfield>
    <subfield code="f">056432</subfield>
    <subfield code="k">32(469)(05) SEA</subfield>
    <subfield code="o">-1</subfield>
    <subfield code="r">PERIODICOS</subfield>
    <subfield code="u">1967 n.&#xBA; 1457</subfield>
  </datafield>
  <datafield tag="995" ind1=" " ind2=" ">
    <subfield code="1">0</subfield>
    <subfield code="9">77168</subfield>
    <subfield code="b">BMR</subfield>
    <subfield code="c">BMR</subfield>
    <subfield code="f">056433</subfield>
    <subfield code="k">32(469)(05) SEA</subfield>
    <subfield code="o">-1</subfield>
    <subfield code="r">PERIODICOS</subfield>
    <subfield code="u">1967 n.&#xBA; 1458</subfield>
  </datafield>
  <datafield tag="995" ind1=" " ind2=" ">
    <subfield code="1">0</subfield>
    <subfield code="9">77169</subfield>
    <subfield code="b">BMR</subfield>
    <subfield code="c">BMR</subfield>
    <subfield code="f">056434</subfield>
    <subfield code="k">32(469)(05) SEA</subfield>
    <subfield code="o">-1</subfield>
    <subfield code="r">PERIODICOS</subfield>
    <subfield code="u">1967 n.&#xBA; 1459</subfield>
  </datafield>
  <datafield tag="995" ind1=" " ind2=" ">
    <subfield code="1">0</subfield>
    <subfield code="9">77170</subfield>
    <subfield code="b">BMR</subfield>
    <subfield code="c">BMR</subfield>
    <subfield code="f">056435</subfield>
    <subfield code="k">32(469)(05) SEA</subfield>
    <subfield code="o">-1</subfield>
    <subfield code="r">LIVROS</subfield>
    <subfield code="u">1967 n.&#xBA; 1462</subfield>
  </datafield>
  <datafield tag="995" ind1=" " ind2=" ">
    <subfield code="1">0</subfield>
    <subfield code="9">77171</subfield>
    <subfield code="b">BMR</subfield>
    <subfield code="c">BMR</subfield>
    <subfield code="f">056436</subfield>
    <subfield code="k">32(469)(05) SEA</subfield>
    <subfield code="o">-1</subfield>
    <subfield code="r">LIVROS</subfield>
  </datafield>
</record>
